L’Action Française, les catholiques et la revue « Etudes » (notice n° 1618753)
[ vue normale ]
| 000 -LEADER | |
|---|---|
| fixed length control field | 00829cam a2200157 4500500 |
| 005 - DATE AND TIME OF LATEST TRANSACTION | |
| control field | 20260111090308.0 |
| 041 ## - LANGUAGE CODE | |
| Language code of text/sound track or separate title | fre |
| 042 ## - AUTHENTICATION CODE | |
| Authentication code | dc |
| 100 10 - MAIN ENTRY--PERSONAL NAME | |
| Personal name | Vallin, Pierre |
| Relator term | author |
| 245 00 - TITLE STATEMENT | |
| Title | L’Action Française, les catholiques et la revue « Etudes » |
| 260 ## - PUBLICATION, DISTRIBUTION, ETC. | |
| Date of publication, distribution, etc. | 2002.<br/> |
| 500 ## - GENERAL NOTE | |
| General note | 59 |
| 520 ## - SUMMARY, ETC. | |
| Summary, etc. | RésuméL’incertitude quant aux frontières de la folie et de la normalité a quelque chose de propre à l’Espagne. Il suffit d’évoquer le visage des bouffons de Vélasquez, ces nains si sages, au regard infiniment plus intelligent que celui des rois dont ils étaient les fous, ou encore Les Caprices de Goya, dessins emplis de nuit... |
| 786 0# - DATA SOURCE ENTRY | |
| Note | Études | 396 | 2 | 2002-02-01 | p. 263a-273a | 0014-1941 |
| 856 41 - ELECTRONIC LOCATION AND ACCESS | |
| Uniform Resource Identifier | <a href="https://shs.cairn.info/revue-etudes-2002-2-page-263a?lang=fr&redirect-ssocas=7080">https://shs.cairn.info/revue-etudes-2002-2-page-263a?lang=fr&redirect-ssocas=7080</a> |
Pas d'exemplaire disponible.




Réseaux sociaux